[Event "San Francisco TNM Winter op"]
[Site "San Francisco"]
[Date "2012.02.14"]
[Round "7"]
[White "Harris, John M"]
[Black "Donnelly, Patrick T"]
[Result "1-0"]
[WhiteElo "1737"]
[BlackElo "1556"]
[PlyCount "37"]
[EventDate "2012.01.03"]
[EventType "swiss"]
[EventRounds "8"]
[EventCountry "USA"]
[SourceTitle "EXT 2014"]
[Source "ChessBase"]
[SourceDate "2013.11.20"]
[SourceVersion "1"]
[SourceVersionDate "2013.11.20"]
[SourceQuality "1"]

1. e4 c5 2. Nf3 d6 3. d4 cxd4 4. Qxd4 Nc6 5. Bb5 Bd7 6. Bxc6 Bxc6 7. Nc3 Nf6 8. Bg5 Qa5 9. 0-0-0 b5 10. e5 Nd7 11. exd6 f6 12. dxe7 Bxe7 13. Rhe1 Rd8 14. Rxe7+ Kxe7 15. Qd6+ Kf7 16. Qxc6 Nb6 17. Ne5+ fxe5 18. Rxd8 Rxd8 19. Bxd8 1-0

[Event "San Francisco TNM Winter op"]
[Site "San Francisco"]
[Date "2012.01.31"]
[Round "5"]
[White "Olson, David L"]
[Black "Harris, John M"]
[Result "0-1"]
[WhiteElo "1404"]
[BlackElo "1737"]
[PlyCount "28"]
[EventDate "2012.01.03"]
[EventType "swiss"]
[EventRounds "8"]
[EventCountry "USA"]
[SourceTitle "EXT 2014"]
[Source "ChessBase"]
[SourceDate "2013.11.20"]
[SourceVersion "1"]
[SourceVersionDate "2013.11.20"]
[SourceQuality "1"]

1. e4 e5 2. Nf3 Nf6 3. Nc3 Bb4 4. d3 d5 5. exd5 Qxd5 6. Bd2 Bxc3 7. Bxc3 Nc6 8. Qe2 0-0 9. g3 Nd4 10. Bxd4 exd4 11. Kd2 Re8 12. Qd1 Ng4 13. Bg2 Nxf2 14. Nh4 Qg5# 0-1

[Event "San Francisco TNM Spring op"]
[Site "San Francisco"]
[Date "2011.03.15"]
[Round "1"]
[White "Harris, John M"]
[Black "Wong, Russell"]
[Result "0-1"]
[WhiteElo "1722"]
[BlackElo "2200"]
[PlyCount "74"]
[EventDate "2011.03.15"]
[EventType "swiss"]
[EventRounds "8"]
[EventCountry "USA"]
[SourceTitle "EXT 2012"]
[Source "ChessBase"]
[SourceDate "2011.11.24"]
[SourceVersion "1"]
[SourceVersionDate "2011.11.24"]
[SourceQuality "1"]

1. e4 Nf6 2. e5 Nd5 3. c4 Nb6 4. d4 d6 5. exd6 exd6 6. d5 Be7 7. a4 a5 8. Be2 0-0 9. Nf3 Re8 10. 0-0 Bg4 11. Ra3 Na6 12. Re3 Bf6 13. b3 Nd7 14. Rxe8+ Qxe8 15. Be3 Ndc5 16. Re1 Qd7 17. Nd4 Bxe2 18. Rxe2 Re8 19. Nc3 g6 20. Ndb5 Bg7 21. Bd4 Rxe2 22. Nxe2 Qe7 23. Bxg7 Kxg7 24. Nbd4 Nb4 25. Ng3 Qf6 26. Nb5 Nbd3 27. Qc2 c6 28. dxc6 bxc6 29. Nc3 Nxf2 30. Nf5+ gxf5 31. Kxf2 Qd4+ 32. Kf1 Qf4+ 33. Kg1 Qe3+ 34. Kf1 Nd3 35. Qe2 Qf4+ 36. Qf3 Qxf3+ 37. gxf3 Nc5 0-1

[Event "San Francisco TNM Fall op"]
[Site "San Francisco"]
[Date "2010.11.16"]
[Round "5"]
[White "Khristoforov, Sergey"]
[Black "Harris, John M"]
[Result "1-0"]
[WhiteElo "2167"]
[BlackElo "1596"]
[PlyCount "61"]
[EventDate "2010.10.20"]
[EventType "swiss"]
[EventRounds "9"]
[EventCountry "USA"]
[SourceTitle "EXT 2012"]
[Source "ChessBase"]
[SourceDate "2011.11.24"]
[SourceVersion "1"]
[SourceVersionDate "2011.11.24"]
[SourceQuality "1"]

1. d4 Nf6 2. c4 g6 3. Nc3 d5 4. cxd5 Nxd5 5. e4 Nxc3 6. bxc3 Bg7 7. Bc4 0-0 8. Ne2 c5 9. 0-0 Nc6 10. Be3 e5 11. d5 Na5 12. Qd3 b6 13. a4 Bb7 14. Ba6 Qd7 15. Bxb7 Nxb7 16. c4 f5 17. f3 Nd6 18. Rfb1 fxe4 19. fxe4 Qg4 20. Nc3 Rad8 21. a5 Nc8 22. axb6 axb6 23. Ra6 Qd7 24. Na4 Qe7 25. Nxb6 Qb7 26. Qa3 Nxb6 27. Raxb6 Qf7 28. Bxc5 Ra8 29. Qxa8 Rxa8 30. Rb8+ Rxb8 31. Rxb8+ 1-0

[Event "San Francisco TNM Fall op"]
[Site "San Francisco"]
[Date "2010.11.09"]
[Round "4"]
[White "Wong, Russell"]
[Black "Harris, John M"]
[Result "1-0"]
[WhiteElo "2200"]
[BlackElo "1596"]
[PlyCount "83"]
[EventDate "2010.10.20"]
[EventType "swiss"]
[EventRounds "9"]
[EventCountry "USA"]
[SourceTitle "EXT 2012"]
[Source "ChessBase"]
[SourceDate "2011.11.24"]
[SourceVersion "1"]
[SourceVersionDate "2011.11.24"]
[SourceQuality "1"]

1. e4 e5 2. Nf3 Nf6 3. d3 d5 4. exd5 Qxd5 5. Nc3 Bb4 6. Bd2 Bxc3 7. Bxc3 Nc6 8. Be2 Bg4 9. 0-0 0-0-0 10. h3 Bh5 11. Nxe5 Bxe2 12. Qxe2 Rhe8 13. f4 Nd7 14. Qf2 Ndxe5 15. fxe5 Nxe5 16. Bxe5 Rxe5 17. Qxf7 Qd4+ 18. Qf2 Re2 19. Qxd4 Rxd4 20. Rf2 Re7 21. Raf1 Rd6 22. Rf7 Rde6 23. Rf8+ Kd7 24. R1f2 Kc6 25. g3 a5 26. Kg2 b6 27. R8f7 Kd6 28. Rxe7 Rxe7 29. h4 Kc6 30. g4 h6 31. Kg3 Kd6 32. h5 Kc6 33. Kh4 Re5 34. Rf7 Rg5 35. Kg3 Kd6 36. Kf4 g6 37. Rf6+ Ke7 38. Rxg6 Rxg6 39. hxg6 Kf6 40. g7 Kxg7 41. Kf5 Kf7 42. d4 1-0